Movies Quiz

Random Movies or Clickable Quiz

Movie By Contract Quiz Stats

 Plays Quiz Updated May 24, 2018

Score 0/20 Timer 07:00
1 Play Today
% Correct
The Santa Clause
94.5%
12 Years a Slave
94.5%
The Wizard of Oz
94.2%
Pretty Woman
92.5%
Star Wars: Episode IV – A New Hope
91.2%
The Hobbit: An Unexpected Journey
91.1%
Fifty Shades of Grey
90.1%
The Little Mermaid
89.7%
The Shawshank Redemption
87.5%
Forrest Gump
86.6%
% Correct
Jerry Maguire
84.4%
Wall Street
82.9%
42
82.3%
The Godfather
80.9%
The Running Man
80.8%
It's a Wonderful Life
76.8%
Liar Liar
75.8%
Trading Places
70.7%
The Goonies
70.2%
Shrek Forever After
49.9%

You're not logged in!

Compare scores with friends on all Sporcle quizzes.
OR
Log In

Sporcle TV

Today on Sporcle TV


Watch our educational content, quiz creation guides, and fun videos on Sporcle TV.

Show Comments

Extras

Top Quizzes Today


Score Distribution

Your Account Isn't Verified!

In order to create a playlist on Sporcle, you need to verify the email address you used during registration. Go to your Sporcle Settings to finish the process.

Report this User

Report this user for behavior that violates our Community Guidelines.

Details: